Underground electric haulage /

Bibliographic Details
Main Author: Szklarski, Ludger M.
Other Authors: Dudek, Władysław, Machowski, Józef
Format: Book
Language:English
Polish
Published: Oxford, New York : Pergamon Press, [1969]
Edition:[1st English ed.].
Subjects:

MARC

Tag First Indicator Second Indicator Subfields
LEADER 00000cam a2200000 4500
001 in00000097979
005 20150925115347.0
008 691024s1969 enka b 00110 eng
010 |a  66018234  
020 |a 0080116639 
035 |a (OCoLC)00020698 
035 |9 AAL3175AM 
040 |a DLC  |c DLC  |d TXA  |d UtOrBLW 
041 1 |a eng  |a pol 
049 |a TXAM  |c [433349] 
050 0 0 |a TN337  |b .S9813 1969 
082 0 |a 622/.66 
100 1 |a Szklarski, Ludger M. 
240 1 0 |a Trakcja elektryczna w kopalni. English 
245 1 0 |a Underground electric haulage /  |c by Ludger M. Szklarski. With the collaboration of Władysław Dudek and Josef Machowski. Translation from 2d Polish rev. ed., by A. Potocki. 
250 |a [1st English ed.]. 
264 1 |a Oxford,  |a New York :  |b Pergamon Press,  |c [1969] 
300 |a x, 409 pages :  |b illustrations ;  |c 25 cm. 
336 |a text  |b txt  |2 rdacontent 
337 |a unmediated  |b n  |2 rdamedia 
338 |a volume  |b nc  |2 rdacarrier 
500 |a Translation of Trakcja elektryczna w kopalni. 
504 |a Bibliography: pages 404-405. 
650 0 |a Mine railroads. 
650 0 |a Electric railroads  |x Equipment and supplies. 
700 1 |a Dudek, Władysław. 
700 1 |a Machowski, Józef. 
999 |a MARS 
999 f f |s f172db5c-607a-36bd-b287-0a5e4bda9181  |i 4873c131-291b-33c5-9efc-7b8c36663656  |t 0 
952 f f |p ric  |a Texas A&M University  |b Rellis Campus  |c Joint Library Facility  |d Remote Storage  |t 0  |e TN337 .S9813 1969  |h Library of Congress classification  |i unmediated -- volume  |m A14805576095 
998 f f |a TN337 .S9813 1969  |t 0  |l Remote Storage